000 00506nam a22001697a 4500
999 _c27244
_d27244
003 BDDh-ASL
005 20231015030737.0
008 211028s1962 ii ||||| |||| 00| 0 u d
040 _aBDDh-ASL
_cBDDh-ASL
082 _a297.3
_bZAI
100 1 _95485
_aZafiruddin, Mohammad
245 1 0 _aIslam Ka Nizam Iffat wa Ismat : / اسلام کا نظام عفت و عصمت
260 _aDelhi :
_bNadwatul Musannifeen ,
_c1962.
300 _a291 p. :
_c26 cm.
650 0 _91652
_aIslam
942 _2ddc
_cBK